书目信息 |
| 题名: |
基本有机化工过程及设备
|
|
| 作者: | 裘元焘 主编 | |
| 分册: | ||
| 出版信息: | 北京 化学工业出版社 1981 |
|
| 页数: | 444页 | |
| 开本: | 25cm | |
| 丛书名: | ||
| 单 册: | ||
| 中图分类: | TQ202 | |
| 科图分类: | ||
| 主题词: | 有机化工-化工过程 , 有机化工-化工设备 , 化工设备-有机化工 , 化工过程-有机化工 | |
| 电子资源: | ||
| ISBN: | ||
| 000 | 00733nam0 2200265 45 | |
| 001 | 0181003692 | |
| 005 | 20060820152321.84 | |
| 010 | @dCNY2.90 | |
| 091 | @a15063.3254 | |
| 100 | @a19950606d1981 em y0chiy0121 ea | |
| 101 | 0 | @achi |
| 102 | @aCN@b110000 | |
| 105 | @ay z 000yy | |
| 200 | 10 | @a基本有机化工过程及设备@Aji ben you ji hua gong guo cheng ji she bei@f裘元焘主编 |
| 210 | @a北京@c化学工业出版社@d1981 | |
| 215 | @a444页@d25cm | |
| 606 | @a有机化工-化工过程 | |
| 606 | @a有机化工-化工设备 | |
| 606 | @a化工设备-有机化工 | |
| 606 | @a化工过程-有机化工 | |
| 690 | @aTQ202@v3 | |
| 701 | 0 | @a裘元焘@Aqiu yuan tao@4主编 |
| 801 | 0 | @aCN@bTSSF@c20060820 |
| 801 | 2 | @aCN@bNLC@c20060812 |
| 905 | @a10447@dTQ202@e14 | |
| 基本有机化工过程及设备/裘元焘主编.-北京:化学工业出版社,1981 |
| 444页;25cm |
| ISBN :CNY2.90 |
| ● |
| 相关链接 |
|
|
|
|
正题名:基本有机化工过程及设备
索取号:TQ202/14
 
预约/预借
| 序号 | 登录号 | 条形码 | 馆藏地/架位号 | 状态 | 备注 |
| 1 | 0434434 | 204344343 | 密集书库/ [索取号:TQ202/14] | 在馆 | |
| 2 | 0439195 | 204391951 | 密集书库/ [索取号:TQ202/14] | 在馆 | |
| 3 | 0452455 | 204524559 | 密集书库/ [索取号:TQ202/14] | 在馆 | |
| 4 | 0470425 | 204704258 | 密集书库/ [索取号:TQ202/14] | 在馆 |